都市圏を構成する自治体 (仙台大都市圏) - Statistics

General Stats
  • This quiz has been taken 109 times
  • The average score is 24 of 32
Answer Stats
分類 都道府県 所属 Answer % Correct
中心市 宮城県 - 仙台市
99%
周辺市町村 宮城県 - 石巻市
93%
周辺市町村 宮城県 - 名取市
91%
周辺市町村 宮城県 - 塩竈市
90%
周辺市町村 宮城県 - 多賀城市
88%
周辺市町村 宮城県 - 岩沼市
88%
周辺市町村 宮城県 - 大崎市
87%
周辺市町村 宮城県 - 白石市
85%
周辺市町村 宮城県 - 東松島市
85%
周辺市町村 宮城県 亘理郡 亘理町
85%
周辺市町村 宮城県 - 登米市
84%
周辺市町村 宮城県 - 栗原市
81%
周辺市町村 宮城県 宮城郡 松島町
81%
周辺市町村 宮城県 - 富谷市
79%
周辺市町村 宮城県 - 角田市
78%
周辺市町村 宮城県 柴田郡 柴田町
78%
周辺市町村 宮城県 宮城郡 七ヶ浜町
77%
周辺市町村 宮城県 加美郡 加美町
74%
周辺市町村 宮城県 亘理郡 山元町
73%
周辺市町村 宮城県 宮城郡 利府町
73%
周辺市町村 宮城県 柴田郡 大河原町
71%
周辺市町村 宮城県 刈田郡 蔵王町
70%
周辺市町村 福島県 相馬郡 新地町
69%
周辺市町村 宮城県 柴田郡 川崎町
66%
周辺市町村 宮城県 伊具郡 丸森町
65%
周辺市町村 宮城県 黒川郡 大衡村
65%
周辺市町村 宮城県 黒川郡 大和町
64%
周辺市町村 宮城県 柴田郡 村田町
62%
周辺市町村 宮城県 加美郡 色麻町
56%
周辺市町村 宮城県 遠田郡 涌谷町
55%
周辺市町村 宮城県 遠田郡 美里町
51%
周辺市町村 宮城県 黒川郡 大郷町
47%
No matching quizzes found
Score Distribution
Percent of People with Each Score
Percentile by Number Answered
Your Score History
You have not taken this quiz